000 00967nam0a22002771 4500
001 v19\rc\1875837
005 20260406084540.0
035 _a(NLR Aleph) 004966170
090 _a6035978
_c6035978
100 _a20260118 rusy50
101 1 _arus
_ceng
102 _aRU
105 _ay z |||a|
200 1 _aЛоцман
_e[Роман]
_fФенимор Купер
_gПер. Я.И. Ясинского и Е.Н. Киселева
210 _aСанкт-Петербург
_cП.П. Сойкин
_d[191-?]
215 _a243 с.
_d20
700 1 _aКупер
_bД.Ф.
_f1789-1851
_gДжеймс Фенимор
702 1 _4730
_7ca
_8rus
_aЯсинский
_bЯ. И.
_f1886-1942
_gЯков Иеронимович
_3RU\NLR\AUTH\770279189
_92651156
702 1 _aКиселев
_bЕ.Н.
_4730
801 0 _aRU
_bNLR
_gpsbo
801 0 _aRU
_bRuMoRGB
_2psbo
801 1 _aRU
_bProSoft-M
_2rusmarc
852 _aNLR
_j69-3/6528
942 _cBOOK
980 _aNB